Statistics for Rick Ross Discography

Click here to take the quiz!

General Stats

  • This quiz has been taken 3 times
  • The average score is 7 of 22

Answer Stats

Year Name Type % Correct
2017Rather You Than MeAlbum
100%
2012God Forgives, I Don'tAlbum
100%
2015Black MarketAlbum
100%
2014MastermindAlbum
67%
2006Port of MiamiAlbum
67%
2012Self Made Vol. 2Collaborative Album
33%
2013Self Made Vol. 3Collaborative Album
33%
2010Teflon DonAlbum
33%
2008TrillaAlbum
33%
2011Self Made Vol. 1Collaborative Album
33%
2007Rise to PowerCompilation
33%
2009Deeper Than RapAlbum
33%
2015Black DollarMixtape
33%
2014Hood BillionaireAlbum
33%
2015Renzel RemixesMixtape
0%
2009Custom Cars & CycleCollaborative Album
0%
2008M.I. Yayo: The MovieSoundtrack
0%
2013The H: The Lost Album Vol. 1Mixtape
0%
2010The Albert Anastasia EPMixtape
0%
2012Rich ForeverMixtape
0%
2010Ashes to AshesMixtape
0%
2012The Black Bar MitzvahMixtape
0%

Score Distribution

Percentile by Number Answered

Percent of People with Each Score

Your Score History

You have not taken this quiz